Statistics for Tennis - greatest upsets and unexpected winners

Click here to take the quiz!

General Stats

  • This quiz has been taken 52 times
  • The average score is 8 of 16

Answer Stats

HintPlayer% Correct
Beats Nadal in the fourth round of the 2009 French OpenRobin Soderling
86%
Ranked 44th, he wins the men's French Open in 2004Gaston Gaudio
69%
Beats Ivan Lendl in the fourth round of the French Open in 1989Michael Chang
67%
Wins the women's Olympics in 2016Monica Puig
64%
Beats Nadal in the second round of Wimbledon in 2012Lukas Rosol
62%
Beats Sampras in the quarters and goes on to win Wimbledon in1996Richard Krajicek
62%
Beats Serena in the semis of the 2015 US OpenRoberta Vinci
62%
Beats Djokovic in the second round of the 2017 Australian OpenDenis Istomin
60%
Beats Djokovic in the third round of Wimbledon 2016Sam Querrey
55%
Wins the women's French Open in 2004Anastasia Myskina
45%
Beats Martina Hingis in the 1997 French Open finalIva Majoli
40%
Beats Serena in the first round of the 2012 French OpenVirginie Razzano
40%
Beats Justine Henin in Wimledon 2007's semisMarion Bartoli
38%
Beats Navratilova in the 4th round of the 1988 French OpenNatasha Zvereva
14%
Beats defending champion McEnroe in the quarters of Wimledon 1985Kevin Curren
12%
Beats two-time defending champion Becker in the second round of Wimbledon 1987Peter Doohan
10%

Score Distribution

Percentile by Number Answered

Percent of People with Each Score

Your Score History

You have not taken this quiz